Statistics for Cities in Quebec

Click here to take the quiz!

General Stats

  • This quiz has been taken 30 times
    (27 since last reset)
  • The average score is 9 of 15

Answer Stats

population Answer % Correct
1,649,519montreal
100%
401,553laval
92%
154,601sherbrooke
81%
516,622quebec city
77%
144,746saguenay
65%
265,349gatineau
65%
131,338trois-rivieres
62%
138,769levis
62%
231,409longueuil
58%
71,825drummondville
58%
106,322terrebonne
50%
79,273brossard
46%
82,000repentigny
42%
92,394saint jean sur richelieu
27%
68,456saint jerome
19%

Score Distribution

Percentile by Number Answered

Percent of People with Each Score

Your Score History

You have not taken this quiz since the last reset